О двух особенностях деформации поверхности твердого тела; Известия Томского политехнического института [Известия ТПИ]; Т. 133

Bibliografiske detaljer
Parent link:Известия Томского политехнического института [Известия ТПИ]/ Томский политехнический институт (ТПИ).— , 1944-1976
Т. 133.— 1965.— [С. 41-45]
Hovedforfatter: Митрофанов Б. П.
Andre forfattere: Рахвалова Г. А., Цукублина К. Н. Капитолина Николаевна
Summary:Заглавие с титульного листа
Электронная версия печатной публикации
Sprog:russisk
Udgivet: 1965
Fag:
Online adgang:Черно-белая версия для предварительного просмотра
Цветная версия без потери качества
Format: MixedMaterials Electronisk Book Chapter
KOHA link:https://koha.lib.tpu.ru/cgi-bin/koha/opac-detail.pl?biblionumber=204674

MARC

LEADER 00000naa2a2200000 4500
001 204674
005 20231031190116.0
035 |a (RuTPU)RU\TPU\book\223113 
035 |a RU\TPU\book\223112 
090 |a 204674 
100 |a 20111130d1965 k y0rusy50 ca 
101 0 |a rus 
102 |a RU 
135 |a drnn ---uucaa 
181 0 |a i  
182 0 |a b 
200 1 |a О двух особенностях деформации поверхности твердого тела  |b Электронный ресурс  |f Б. П. Митрофанов, Г. А. Рахвалова, К. Н. Цукублина 
203 |a Текст  |c электронный 
215 |a 2 файла (205 Кб, 7 Мб) 
230 |a Электронные текстовые данные (2 файла : 205 Кб, 7 Мб) 
300 |a Заглавие с титульного листа 
300 |a Электронная версия печатной публикации 
320 |a [Библиогр.: с. 45 (9 назв.)] 
337 |a Adobe Reader 
461 1 |0 (RuTPU)RU\TPU\book\200995  |t Известия Томского политехнического института [Известия ТПИ]  |f Томский политехнический институт (ТПИ)  |d 1944-1976 
463 1 |0 (RuTPU)RU\TPU\book\223101  |t Т. 133  |v [С. 41-45]  |d 1965  |p 170 с. 
610 1 |a электронный ресурс 
610 1 |a труды учёных ТПУ 
700 1 |a Митрофанов  |b Б. П. 
701 1 |a Рахвалова  |b Г. А. 
701 1 |a Цукублина  |b К. Н.  |c физик  |c доцент Томского политехнического университета, кандидат технических наук  |f 1939-  |g Капитолина Николаевна  |2 stltpush  |3 (RuTPU)RU\TPU\pers\29058 
801 1 |a RU  |b 63413507  |c 20090320  |g PSBO 
801 2 |a RU  |b 63413507  |c 20180921  |g PSBO 
856 4 |u http://www.lib.tpu.ru/fulltext/v/Bulletin_TPU/1965/v133/09_bw.pdf  |z Черно-белая версия для предварительного просмотра 
856 4 |u http://www.lib.tpu.ru/fulltext/v/Bulletin_TPU/1965/v133/09_full.pdf  |z Цветная версия без потери качества 
942 |c BK